Információfeldolgozás folyamatának szerepe speciális, komplex döntéshozatali folyamat meggyőző kommunikációja során = The role of the information processing process in persuasive communication [absztrakt] /

Elmentve itt :
Bibliográfiai részletek
Szerzők: Cservék Judit
Hlédik Erika
Testületi szerző: Egyesület a Marketing Oktatásért és Kutatásért XXIX. Nemzetközi Konferencia
Dokumentumtípus: Könyv része
Megjelent: Szegedi Tudományegyetem, Gazdaságtudományi Kar Szeged 2023
Sorozat:Reziliens marketing : válaszok változó kihívásokra
Kulcsszavak:Információfeldolgozás - előadáskivonat
Tárgyszavak:
Online Access:http://acta.bibl.u-szeged.hu/84733
LEADER 01183naa a2200241 i 4500
001 acta84733
005 20240513085917.0
008 240430s2023 hu o 100 hun d
020 |a 978-963-306-960-8 
040 |a SZTE Egyetemi Kiadványok Repozitórium  |b hun 
041 |a hun 
041 |a eng 
100 1 |a Cservék Judit 
245 1 0 |a Információfeldolgozás folyamatának szerepe speciális, komplex döntéshozatali folyamat meggyőző kommunikációja során = The role of the information processing process in persuasive communication   |h [elektronikus dokumentum] :  |b [absztrakt] /  |c  Cservék Judit 
260 |a Szegedi Tudományegyetem, Gazdaságtudományi Kar  |b Szeged  |c 2023 
300 |a 42 
490 0 |a Reziliens marketing : válaszok változó kihívásokra 
650 4 |a Társadalomtudományok 
650 4 |a Közgazdasági és gazdálkodástudományok 
695 |a Információfeldolgozás - előadáskivonat 
700 0 1 |a Hlédik Erika  |e aut 
711 |a Egyesület a Marketing Oktatásért és Kutatásért XXIX. Nemzetközi Konferencia  |c Szeged  |d 2023. augusztus 23-25. 
856 4 0 |u http://acta.bibl.u-szeged.hu/84733/1/reziliens_marketing_2023_042.pdf  |z Dokumentum-elérés